| 000 | 00476nab a2200145Ia 4500 | ||
|---|---|---|---|
| 003 | ES-SlBCS | ||
| 005 | 20210601125719.0 | ||
| 008 | 140529s1989 xxu||||| |||| 00| 0 eng d | ||
| 041 | _aeng | ||
| 100 | 1 |
_aLiu, Shu-Hsien _967371 |
|
| 245 | 0 | 0 |
_aOn the Functional Unity of the Four Dimensiosn of Thought in the Book of Changes _c Shu-Hsien Liu |
| 650 | 0 | 4 |
_aFilosofía China _9155017 |
| 773 | 0 |
_tSynthesis Philosophica _gvol. 4, nº. 7, 1989, págs. 323-345 _wRev957 |
|
| 942 | _cAR | ||
| 999 |
_c534755 _d534755 |
||